Sports Quiz

Random Sports or Olympics Quiz

10-to-1 Former Athletes Born in Europe Quiz Stats

 Plays Quiz Updated Feb 15, 2018

Score 0/55 Timer 07:00
6 Plays Today
% Correct
David Beckham
94.4%
George Best
86.3%
Steve Davis
83.9%
Franz Beckenbauer
83.2%
Lennox Lewis
82.7%
Colin McRae
82.7%
Boris Becker
81.6%
Jonathan Edwards
81.4%
Kelly Holmes
79.9%
Michael Schumacher
79.7%
Steve Redgrave
78.9%
Detlef Schrempf
76.7%
Ian Botham
75.9%
Heike Drechsler
75.5%
Arantxa Sánchez Vicario
73.4%
Juan Antonio San Epifanio
71.8%
Alain Prost
70.7%
Seve Ballesteros
67.8%
Alberto Tomba
67.5%
Annika Sörenstam
67.2%
Michel Platini
65.8%
Flavia Pennetta
65.5%
Miguel Indurain
65%
Manuel Estiarte
63.8%
Deborah Compagnoni
63.3%
Katarina Witt
63%
Yannick Noah
62.6%
Bixente Lizarazu
60.3%
% Correct
Aleksandar Šapić
59.9%
Tommi Mäkinen
59.5%
Birgit Prinz
55.2%
Vlade Divac
55%
Pietro Mennea
54.9%
Paavo Nurmi
54.6%
Nikola Grbić
54%
Mile Isaković
53.7%
Jan Železný
53.3%
Dominik Hašek
52%
Marie-José Pérec
51.9%
Ricardo Gallego
51.7%
Franziska van Almsick
51.1%
Dominique Wilkins
48.4%
Ingemar Stenmark
46.3%
Dino Meneghin
45.3%
Martina Navratilova
44.9%
Seppo Räty
42.8%
Monika Seleš
41.7%
Suzanne Lenglen
41.6%
Lawrence Dallaglio
38.1%
Laura Flessel-Colovic
37.5%
Keke Rosberg
36.9%
Walter Zenga
35.6%
Krisztina Egerszegi
30%
David Barrufet
20.7%
Josefa Idem
14.7%

You're not logged in!

Compare scores with friends on all Sporcle quizzes.
OR
Log In

You Might Also Like...

Show Comments

Extras

Top Quizzes Today


Score Distribution

Your Account Isn't Verified!

In order to create a playlist on Sporcle, you need to verify the email address you used during registration. Go to your Sporcle Settings to finish the process.

Report this User

Report this user for behavior that violates our Community Guidelines.

Details: